Catálogo
 En Linea

Guía de los derechos de los trabajadores / (Registro nro. 27521)

Detalles MARC
000 -CABECERA
campo de control de longitud fija 00684nam a2200205 a 4500
001 - NÚMERO DE CONTROL
campo de control 000028029
003 - IDENTIFICADOR DEL NÚMERO DE CONTROL
campo de control DO-SdBNP
005 - FECHA Y HORA DE LA ÚLTIMA TRANSACCIÓN
campo de control 20251127115837.0
008 - DATOS DE LONGITUD FIJA--INFORMACIÓN GENERAL
campo de control de longitud fija 090707s1998 dr 000 0 spa d
040 ## - FUENTE DE LA CATALOGACIÓN
Centro catalogador/agencia de origen DO-SdBNP
Lengua de catalogación spa
Centro/agencia transcriptor BNPHU
082 ## - NÚMERO DE LA CLASIFICACIÓN DECIMAL DEWEY
Número de clasificación 344.021
Número de documento/Ítem A345g
100 1# - ENTRADA PRINCIPAL--NOMBRE DE PERSONA
Nombre de persona Alburquerque, Rafael
9 (RLIN) 7243
245 10 - MENCIÓN DE TÍTULO
Título Guía de los derechos de los trabajadores /
Mención de responsabilidad, etc. Rafael Alburquerque.
260 ## - PUBLICACIÓN, DISTRIBUCIÓN, ETC.
Lugar de publicación, distribución, etc. Santo Domingo :
Nombre del editor, distribuidor, etc. Secretaría de Estado de Trabajo,.
300 ## - DESCRIPCIÓN FÍSICA
Extensión 107 p. ;
Dimensiones 18 cm.
650 #7 - PUNTO DE ACCESO ADICIONAL DE MATERIA--TÉRMINO DE MATERIA
Término de materia o nombre geográfico como elemento de entrada Reglamentos de trabajo
Subdivisión geográfica República Dominicana
9 (RLIN) 16460
650 #7 - PUNTO DE ACCESO ADICIONAL DE MATERIA--TÉRMINO DE MATERIA
Término de materia o nombre geográfico como elemento de entrada Derecho laboral
Subdivisión geográfica República Dominicana
Subdivisión general
9 (RLIN) 76950
910 ## - DATOS DE OPCIÓN DEL USUARIO (OCLC)
Datos de opción del usuario Validado. Control de calidad MFF
942 ## - ELEMENTOS DE PUNTO DE ACCESO ADICIONAL (KOHA)
Fuente del sistema de clasificación o colocación Dewey Decimal Classification
Tipo de ítem Koha Libro
Existencias
Estado de retiro Estado de pérdida No para préstamo Código de colección Localización permanente Ubicación/localización actual Ubicación en estantería Fecha de adquisición Número de inventario Total de préstamos Signatura topográfica completa Código de barras Fecha visto por última vez Precio válido a partir de Tipo de ítem Koha
      Patrimonio Dominicano Patrimonio Dominicano Patrimonio Dominicano Orden iniciada 06.04.2011 LF1   344.021 A345g 28029-10 25.06.2020 25.06.2020 Libro y Folleto Colección Patrimonio Dominicano

Con tecnología Koha